[Event "Sherbrooke Hivernal op"]
[Site "Sherbrooke"]
[Date "2008.03.16"]
[Round "5"]
[White "Thomsen, Gunther"]
[Black "Belanger, Priscillia"]
[Result "0-1"]
[WhiteElo "1100"]
[BlackElo "1046"]
[PlyCount "60"]
[EventDate "2008.03.14"]
[EventType "swiss"]
[EventRounds "5"]
[EventCountry "CAN"]
[SourceTitle "EXT 2011"]
[Source "ChessBase"]
[SourceDate "2010.11.26"]
[SourceVersion "1"]
[SourceVersionDate "2010.11.26"]
[SourceQuality "1"]

1. d4 d5 2. Nc3 Nc6 3. h4 Nf6 4. e3 Bd7 5. Be2 e6 6. a3 Be7 7. Bd2 0-0 8. Bf3 a6 9. Nge2 b5 10. e4 Nxe4 11. Nxe4 dxe4 12. Bxe4 Bf6 13. c3 Bxh4 14. g3 Bg5 15. Bxg5 Qxg5 16. Bxh7+ Kh8 17. Be4+ Kg8 18. Bxc6 Bxc6 19. Rh4 Bf3 20. Qd2 Qxd2+ 21. Kxd2 g5 22. Rh2 Rfe8 23. Rah1 Bxh1 24. Rxh1 e5 25. dxe5 Rxe5 26. f4 Rd5+ 27. Nd4 c5 28. Kc2 cxd4 29. cxd4 Rxd4 30. Rg1 f5 0-1